The Indian economy : (Record no. 41396)

MARC details
000 -LEADER
fixed length control field 00798nam a22002297a 4500
005 - DATE AND TIME OF LATEST TRANSACTION
control field 20100812145147.0
010 ## - LCCN (DPL NO)
LC control number ENG-99994
020 ## - INTERNATIONAL STANDARD BOOK NUMBER
International Standard Book Number 9788180547567
Terms of availability 425.00
035 ## - SYSTEM CONTROL NUMBER
System control number EN-83526
037 ## - SOURCE OF ACQUISITION
Source of stock number/acquisition DBAD/PUB
082 ## - DEWEY DECIMAL CLASSIFICATION NUMBER
Classification number 330.954
100 ## - MAIN ENTRY--PERSONAL NAME
Personal name Dhingra, Ishwar C.
245 ## - TITLE STATEMENT
Title The Indian economy :
Remainder of title environment & policy /
Statement of responsibility, etc by Ishwar C. Dhingra
250 ## - EDITION STATEMENT
Edition statement 24th rev. ed
260 ## - PUBLICATION, DISTRIBUTION, ETC. (IMPRINT)
Place of publication, distribution, etc New Delhi
Name of publisher, distributor, etc Sultan Chand & Sons
Date of publication, distribution, etc 2010
270 ## - ADDRESS
Address 23, Daryaganj
City New Delhi
Postal code 110002
300 ## - PHYSICAL DESCRIPTION
Extent xxii,858p.:
Other physical details ill.
Dimensions 24cm (pbk)
500 ## - GENERAL NOTE
General note Includes index
650 ## - SUBJECT ADDED ENTRY--TOPICAL TERM
Topical term or geographic name as entry element Economics
Geographic subdivision India
942 ## - ADDED ENTRY ELEMENTS (KOHA)
Source of classification or shelving scheme Dewey Decimal Classification
Item type English Books
Classification part 330.954
Call number suffix DHI
Holdings
Withdrawn status Lost status Not for loan Collection code Home library Current library Date acquired Source of acquisition Cost, normal purchase price Full call number Barcode Copy number Cost, replacement price Koha item type
    Not For Loan Non-fiction D.B.Act.Division D.B.Act.Division 12/08/2010 DBAD/PUB 425.00 330.954 DHI EN-83526 1 425.00 English Books

© Delhi Public Library
Hit Counter
free hit counter